Botafogo Best Scorer By Year - Statistics

General Stats
  • This quiz has been taken 139 times
    27 since last reset
  • The average score is 12 of 50
Answer Stats
Player % Correct
Tiquinho Soares
81%
Jefferson Savarino
75%
Túlio Maravilha
69%
Alex Telles
56%
Loco Abreu
56%
Cuiabano
44%
Jairzinho
44%
Roger
44%
Artur
38%
38%
Dodô
31%
Erison
31%
Matheus Babi
31%
Sassá
31%
Elias
25%
Mendonça
25%
Nilson Dias
25%
Paulinho Criciúma
25%
Alex Alves
19%
19%
Diego Souza
19%
Kieza
19%
Luizão
19%
Rafael Marques
19%
Reinaldo
19%
Renato Gaúcho
19%
Sinval
19%
Valdeir
19%
Berg
13%
Elkeson
13%
Emerson Sheik
13%
Helinho
13%
Lúcio Flávio
13%
Roberto Miranda
13%
Rodolfo Fischer
13%
Rodrigo Beckham
13%
Sandro Barbosa
13%
Schwenck
13%
Valdir Bigode
13%
Victor Simões
13%
Ademilson
6%
André Lima
6%
Bujica
6%
Chicão
6%
Elói
6%
Gil
6%
Milton Cruz
6%
Pablo Zeballos
6%
Perivaldo
6%
Róbson
6%
No matching quizzes found
Score Distribution
Percent of People with Each Score
Percentile by Number Answered
Your Score History
You have not taken this quiz since the last reset